Alianza de amor con el Corazón de Jesús (Registro nro. 301695)
[ vista simple ]
| 000 -ENCABEZADO | |
|---|---|
| Número de control [NR] | 02174nam a22002657a 4500 |
| 005 - FECHA Y HORA DE LA ÚLTIMA TRANSACCIÓN | |
| control field | 20151125092913.0 |
| 008 - DE LONGITUD FIJA DE DATOS DE ELEMENTOS - INFORMACIÓN GENERAL | |
| Elementos de longitud fija [NR] | 150925s1889 sp ||||fr|||| 001 0 spa d |
| 040 ## - FUENTE DE CATALOGACION [NR] | |
| Quien Cataloga | Sandra Yazo |
| Quien Clasifica | Sandra Yazo |
| 041 1# - CODIGO DE IDIOMA [R] | |
| Código de idioma para texto/pista de sonido o título separado [R] | Español |
| 082 04 - NUMERO DE CLASIFICACION DECIMAL DEWEY [R] | |
| Número de la edición [NR] | 20 |
| Número de clasificación [R] | 248 |
| 092 ## - SIGNATURA TOPOGRAFICA LOCAL | |
| Número de clasificación local | E37N089 |
| 100 1# - ASIENTO PRINCIPAL--NOMBRE PERSONAL [NR] | |
| Nombre personal [NR] | Ramière, Henri |
| Fechas asociadas con el nombre [NR] | 1821-1884 |
| ID Autoridad | 71758 |
| 245 10 - MENCION DE TITULO [NR] | |
| Título [NR] | Alianza de amor con el Corazón de Jesús |
| Mención de responsabilidad, etc. [NR] | Obra escrita en francés por el P. Enrique Ramiére ; Traducida por el P. Francisco de P. Maruri |
| 260 ## - PUBLICACION, DISTRIBUCION, ETC. (PIE DE IMPRENTA) [R] | |
| Lugar de publicación, distribución, etc. [R] | Bilbao (España) |
| Nombre del editor, distribuidor, etc. [R] | Administración del "Mensajero del corazón de Jesús" |
| Fecha de publicación, distribución, etc. [R] | 1889 |
| 300 ## - DESCRIPCION FISICA [R] | |
| Extensión [R] | 335 páginas |
| Dimensiones [R] | 18 x 12 cm |
| 500 ## - NOTA GENERAL [R] | |
| Nota general [NR] | Detalles físicos: Encuadernación rígida (holandesa) en cartón forrado en papel. Lomo en tela con adornos en dorado. Guardas. Anteportada. Portada impresa en una sola tinta con un grabado. Cenefa. Texto en una sola columna. Notas al pie de página. Papel con manchas |
| 505 1# - NOTA DE CONTENIDO CON FORMATO PREESTABLECIDO [R] | |
| Nota de contenido con formato preestablecido [NR] | Introducción: Ventajas de nuestra unión: Con ella se cumplen los deseos del eterno Padre ; La unión del corazón cristiano en la de Jesús, es el fin que se propuso el hijo de dios en su venida al mundo ; La unión de los corazones cristianos en el de Jesús, es el fin de las operaciones del espíritu santo ; La unión es el medio mejor de burla los planes de Satanás ; La unión nos preservará del espíritu del mundo -- Elementos de nuestra unión: La caridad del Corazón de Jesús ; El celo del Corazón de Jesús es la fuerza de las almas ; El espíritu del Corazón de Jesús distingue las almas que son a propósito para vivir unidas en él ; La gloria del Corazón de Jesús son su norma ; La dulzura y mansedumbre del Corazón de Jesús es su arma – Ejercicio de nuestra unión: Primer medio de ejercitar nuestra unión, la oración ; Segundo, el sufrimiento ; Tercero la dirección ; Cuarto la Educación ; Quinto la ciencia ; Séptimo, la polémica |
| 506 ## - NOTA DE RESTRICCIONES DE ACCESO [R] | |
| Condiciones de acceso [NR] | Consulta en sala |
| 650 #7 - ASIENTO SECUNDARIO DE MATERIA - TERMINO TEMATICO [R] | |
| 9 (RLIN) | 8069 |
| Término temático o nombre geográfico como elemento de entrada [NR] | Sagrado Corazón de Jesús |
| 650 #7 - ASIENTO SECUNDARIO DE MATERIA - TERMINO TEMATICO [R] | |
| 9 (RLIN) | 12174 |
| Término temático o nombre geográfico como elemento de entrada [NR] | Cristianismo |
| 650 #7 - ASIENTO SECUNDARIO DE MATERIA - TERMINO TEMATICO [R] | |
| 9 (RLIN) | 26223 |
| Término temático o nombre geográfico como elemento de entrada [NR] | Vida cristiana |
| 690 ## - ASUNTO AGREGADO LOCAL DE ENTRADA - TÉRMINO TEMÁTICO (OCLC, RLIN) | |
| 9 (RLIN) | 42809 |
| Acceso temático local | Espiritualidad |
| 700 4# - ASIENTO SECUNDARIO - NOMBRE PERSONAL [R] | |
| Nombre personal [NR] | Maruri, Francisco de P. |
| Término de relación [R] | traductor |
| 9 (RLIN) | 71759 |
| 942 ## - ELEMENTOS DE ENTRADA AGREGADOS (KOHA) | |
| Sistema de clasificación | LOCAL |
| Tipo de ítem principal el descrito en 300a | Libro |
| Edición | 1 |
| Clasificación | E37N089 |
| Suprimido | Perdido | Sistema de clasificación | Dañado | No prestable | Tipo de ítem específico | Ubicación habitual | Ubicación actual | Localización | Fecha de creación | Forma de adquisición | Costo | Total préstamos | Signatura topográfica | Código de barras | Última vez visto | Ejemplar | Price effective from | Tipo de ítem |
|---|---|---|---|---|---|---|---|---|---|---|---|---|---|---|---|---|---|---|
| LOCAL | Libro archivo | Archivo Histórico | Archivo Histórico | Archivo histórico | 25/09/2015 | Donación | 0.00 | E37N089 | L005182 | 25/09/2015 | Ej.1 | 25/09/2015 | Libro |